000 00888nab a2200265 u 4500
001 20941
003 HDC
007 cr bn ---aaaaa
008 210306c mydr|nes 0 a eng d
040 _aHDC
100 _aMOHD. RAFIE AZIMI
_eauthor
_918728
245 0 _aMatrade gigih bantu Fikrisk (M) sdn. Bhd. Menjelajah /
_cby MOHD. RAFIE AZIMI
260 _aMalaysia :
_bUTUSAN MALAYSIA,
_c2016
300 _a2 pages
336 _atext
_2rdacontent
337 _acomputer
_2rdamedia
338 _aonline resource
_2rdacarrier
650 _aexport sectors
_918476
650 _asmall and medium enterprise
_98448
710 _aUTUSAN MALAYSIA
856 _zRequest full-text at [email protected]
942 _2lcc
942 _cNEWS
942 _kNWSC 010347
999 _c18257
_d18257